000 00526nam a2200169Ia 4500
008 260520s2021 xx 000 0 und d
020 _a978-93-91391-65-2
041 _amar
082 _a363.34/CHA
100 _aचव्हाण, गणेश
245 _aआपत्ती व्यवस्थापन भूगोल
250 _a1st ed
260 _aजळगाव
_bप्रशांत पब्लिकेशन
_c2021
300 _a224p.
500 _aCat No: 15153
650 _aPUBLIC ADMINISTRATION
999 _c1221879
_d1221879